Statistiques concernant 15 principaux pays touchés par Covid-19 - 30 mai

Cliquez ici pour prendre le quiz!

Statistiques générales

  • Ce quiz a été pris 23 fois
  • Le résultat moyen est 16 sur 25

Statistiques - réponses

pays% Correct
France
100%
Espagne
96%
Etats-Unis
96%
Italie
96%
Brésil
87%
Russie
87%
Allemagne
83%
Inde
83%
Royaume-Uni
83%
Canada
78%
Mexique
78%
Belgique
70%
Turquie
70%
Chili
65%
Chili
65%
Iran
61%
Pérou
61%
Irlande
57%
Suisse
57%
Suède
52%
Qatar
22%
Singapour
17%
Bahreïn
13%
Biélorussie
13%
Koweït
13%

Distribution des résultats

Percentile par nombre de réponses

% des personnes avec chaque résultat

Votre développement - résultats

Vous n’avez pas pris ce quiz